000 01155 a2200253 4500
001 40626
005 20260407155702.0
008 260407a2013 arg spa d
003 AR-UNSa-BCEJYS
040 _aAR-UNSa-BCEJYS
_bspa
_cAR-UNSa-BCEJYS
080 _a37.014
_xPolítica educativa. Educación y vida pública (Intercambio de profesores y alumnos )
245 1 0 _aCaminos para la educación
_pbases, esencias e ideas de política educativa
020 _a978-950-641-782-6
264 1 _aBuenos Aires :
_bGranica
_c2013
300 _a271 p.
_c22 cm.
505 _a1. El poder de la política educativa - 2. Condiciones para gobernar la educación - 3. Hacer política educativa - 4. Políticas de inclusión y justicia distributiva - 5. Políticas para la docencia - 6. Políticas pedagógicas y curriculares - 7. Políticas de nuevas tecnologías para la educación
041 _aspa
942 _cBK
590 _aniveau_biblio:m niveau_hierar:0
100 1 _aMezzadra, Florencia
700 1 _aRivas, Axel
700 1 _aVeleda, Cecilia
856 4 1 _uhttps://biblioeco.unsa.edu.ar/pmb/images/libros/L126215.jpg
_yImagen de portada
_qimage/jpeg
999 _c3276
_d3276